ARRUPE JESUIT UNIVERSITY

CORONAVIRUS -STOP THE SPREAD - CLEAN,DISINFECT,COVER

Debate on African concept of time: (Record no. 122754)

MARC details
000 -LEADER
fixed length control field 00568nam a22001577a 4500
008 - FIXED-LENGTH DATA ELEMENTS--GENERAL INFORMATION
fixed length control field 150422b xxu||||| |||| 00| 0 eng d
050 ## - LIBRARY OF CONGRESS CALL NUMBER
Classification number BD638.K98
100 ## - MAIN ENTRY--PERSONAL NAME
Personal name Kwanya, Charles Odika.
9 (RLIN) 17492
245 ## - TITLE STATEMENT
Title Debate on African concept of time:
Remainder of title analysis of its missionary consequence on the pluralistic society
Statement of responsibility, etc /by Kwanya Charles Odira
260 ## - PUBLICATION, DISTRIBUTION, ETC. (IMPRINT)
Place of publication, distribution, etc Roma
Name of publisher, distributor, etc Pontificia Universtas Urbaniana
Date of publication, distribution, etc 2009
300 ## - PHYSICAL DESCRIPTION
Extent xi, 178p. ;
Dimensions 25cm.
500 ## - GENERAL NOTE
General note Thesis
650 ## - SUBJECT ADDED ENTRY--TOPICAL TERM
Topical term or geographic name as entry element Time
General subdivision Philosophy
9 (RLIN) 17493
650 ## - SUBJECT ADDED ENTRY--TOPICAL TERM
Topical term or geographic name as entry element Philosophy
General subdivision African
9 (RLIN) 17494
942 ## - ADDED ENTRY ELEMENTS (KOHA)
Source of classification or shelving scheme Library of Congress Classification
Item type Monograph ( Printed materials)
Holdings
Withdrawn status Lost status Source of classification or shelving scheme Damaged status Not for loan Collection code Home library Current library Shelving location Date acquired Total Checkouts Full call number Barcode Date last seen Date last borrowed Price effective from Koha item type
    Library of Congress Classification     Main Collection ARRUPE LIBRARY ARRUPE LIBRARY Main Collection 22/04/2015 1 BD638.K98 46500004486 02/09/2016 01/10/2015 22/04/2015 Monograph ( Printed materials)

 

Arrupe Library. PO Box MP320 Mt Pleasant, Harare, Zimbabwe
263 242 745411|librarian@aju.ac.zw